Jubilejné stretnutie na Dunajci (z histórie Medzinárodného pieninského slalomu na Dunajci)

Bibliographic Details
Main Author: Benický, Dušan, 1953- (Author)
Format: Article
Language:Slovak
PhysicalDescription:Obr.
Subjects:

MARC

LEADER 00000nab a2200000 a 4500
001 vtls009359327
003 SK-MaSNL
005 20260303182026.0
008 140625 1973 xo |00 0 slo
015 |a SNBRB1973 
040 |a SNKBUCL  |b slo  |c SNKBUCL  |e AACR2 
041 0 |a slo 
044 |a xo  |c SK 
080 |a 797.122.093.01  |2 2001 
100 1 |a Benický, Dušan,  |d 1953-  |4 aut  |9 5064 
245 1 0 |a Jubilejné stretnutie na Dunajci  |b (z histórie Medzinárodného pieninského slalomu na Dunajci)  |c Dušan Benický 
300 |b Obr. 
611 2 7 |a Medzinárodný pieninský slalom  |n (20. :  |d 1973)  |2 snkbucl  |9 1044857 
650 0 7 |a vodné športy  |2 snkbucl  |9 3221 
773 0 |t Krásy Slovenska  |g Roč. 50, č. 7 (1973), s. 292-293 
999 |c 2115313  |d 2117243